| 000 | | | 05402cbc2a2200241#x 450 |
| 001 | | | 39f2668c-b1fc-4606-9820-4f321598953f |
| 005 | | | 20240909120050.0 |
| 100 | ## | $a | 20150508l19181918k y0rusy50 ca |
| 101 | 0# | $a | rus |
| 102 | ## | $a | RU |
| 105 | ## | $a | y z ||||| |
| 122 | 2# | $a | d19180219 |
| | $a | d19181223 |
| 200 | 1# | $a | Телеграммы о политическом положении и контрреволюционных восстаниях в Тамбовской губернии |
| | $j | 19 февраля - 23 декабря 1918 |
| 215 | ## | $a | 48 листов |
| 251 | ## | $c | Дело |
| 300 | ## | $a | Часть документов рукописная, часть - машинописная |
| 330 | ## | $a | Входит в раздел описи: V. Бюро телеграмм. 5. Контрреволюция и политическое положение на местах |
| 461 | #0 | $1 | 001ad6baeac-e292-4829-90d1-2f4f65796a62 |
| | $1 | 2001 |
| | $a | СОВЕТ НАРОДНЫХ КОМИССАРОВ РСФСР (СНК РСФСР) |
| | $1 | 251 |
| | $c | Фонд |
| | $1 | 852 |
| | $g | Р |
| | $j | 130 |
| 462 | #0 | $1 | 0017a221a17-99d6-4232-84bc-2738cda87272 |
| | $1 | 2001 |
| | $a | 1913-1919 гг. |
| | $v | Д. 631 |
| | $1 | 251 |
| | $c | Опись |
| | $1 | 852 |
| | $j | 2 |
| 801 | #0 | $a | RU |
| | $b | GA_RF |
| 801 | #1 | $a | RU |
| | $b | НПО Опыт |
| | $c | 20150508 |
| | $2 | rusmarc |
| 801 | #2 | $a | RU |
| | $b | ПБ им. Б.Н. Ельцина |
| | $c | 20150713 |
| | $g | RCR |
| | $2 | rusmarc |
| 852 | ## | $a | ГА РФ |
| | $j | 631 |
| 937 | ## | $d | 52061336 |
| | $h | ПБ |
| 035 | ## | $a | RuPRLIB51030863 |
| 850 | ## | $a | Государственный архив Российской Федерации |
| 606 | 1# | $a | Гражданская война и военная интервенция в России |
| | $z | 1918 - 1920 |
| | $y | Тамбовская губерния |
| | $2 | nlr_sh |
| | $3 | RU\NLR\AUTH\661353740 |
| | $j | Архивные дела |
| 606 | 1# | $a | Контрреволюционное движение |
| | $y | Россия |
| | $z | 1918 - 1920 |
| | $j | Архивные дела |
| | $2 | nlr_sh |
| | $3 | RU\NLR\AUTH\6601705031 |
| 686 | ## | $a | 63.3(28-8Там)612ю11 |
| | $2 | rubbk |
| | $v | LBC/M |
| 686 | ## | $a | 63.3(28-8Там)611-3ю11 |
| | $v | LBC/M |
| | $2 | rubbk |
| 605 | ## | $2 | acquisition_Prlib |
| | $3 | DITM\AF\0000003834 |
| | $a | Народ |
| | $l | коллекция |
| 605 | ## | $2 | acquisition_Prlib |
| | $3 | LIBNET\UAF\0000053805 |
| | $a | Территория России: Тамбовская область |
| | $l | коллекция |
| 605 | ## | $a | Тамбовская область: страницы истории |
| | $l | коллекция |
| | $2 | acquisition_Prlib |
| | $3 | LIBNET\UAF\0000053806 |
| 605 | ## | $a | Тамбовская область: страницы истории |
| | $l | коллекция |
| | $2 | acquisition_Prlib |
| | $3 | LIBNET\UAF\0000053806 |